000 00681nam a2200181Ia 4500
008 090630s9999 xx 000 0 und d
082 _b11332
100 _aशेवडे गुरुजी.
245 _aतो ची दिवाळी दसरा.
_cशेवडे गुरुजी.
260 _bशेवडे रा. वा. - कोल्हापूर.
_c1991
300 _a15
600 _aशेवडे गुरुजी.
630 _aतो ची दिवाळी दसरा.
655 _aबालवाङमय.
700 _aशेवडे गुरुजी.
730 _aतो ची दिवाळी दसरा.
942 _cBOOK
999 _c263188
_d263188